Old and new unsolved problems in plane geometry and number theory /

Guardado en:
Autor Principal: Klee, Victor
Otros Autores: Wagon, Stan
Formato: Libro
Idioma:English
Publicado: [Washington, D.C.] : Mathematical Association of America, c1991.
Series:The Dolciani mathematical expositions ; no. 11
Etiquetas: Agregar Etiqueta
Sin Etiquetas, Sea el primero en etiquetar este registro!
LEADER 00860nam a22002175a 4500
001 MAT.inmabb000210
008 910429s1991####dcua#####b####001#0#eng##
005 20130312120123.0
245 1 0 |a Old and new unsolved problems in plane geometry and number theory /  |c Victor Klee, Stan Wagon. 
260 |a [Washington, D.C.] :  |b Mathematical Association of America,  |c c1991. 
300 |a xv, 333 p. :  |b il. ;  |c 24 cm. 
440 4 |a The Dolciani mathematical expositions ;  |v no. 11 
504 |a Includes bibliographical references and indexes. 
500 |a El Ej. 2 (2ª impresión) contiene un Addendum.  |5 AR-BbIMB 
510 4 |a MR,  |c 92k:00014 
020 |a 0883853159 
100 1 |a Klee, Victor 
700 1 |a Wagon, Stan 
084 |a 00A07 (01A05 11-02 51-02)  |2 msc2000  |9 2000 
859 |h 00A07  |i K63  |p A-6610  |b BIB. MATEMATICA 
859 |h 00A07  |i K63  |p A-7930  |t Ej. 2  |b BIB. MATEMATICA